1352 1356 1301 1256 1232 1942 1407 1637 1133 1418 1612 1606 1216 1910 1728 1685 1077 1913 1072 1124 1104 1571 1326 1403 1709 1544 1896 1988 1959 1103 1507 1767 1830 1964 1850 1207 1152 1465 1988 1939 1691 1017 1634 1699 1903 1278 1590 1995 1726 1322 1045 1529 1309 1677 1863 1993 1098 1139 1015 1325 1640 1329 1649 1649 1281 1950 1501 1524 1473 1106 1817 1889 1109 1648 1866 1044 1576 1735 1697 1600 1354 1304 1028 1666 1028 1837 1872 1761 1754 1107 1381 1124 1525 1182 1241 1200 1332 1452 1332 BCNSPRNW ULIB Ver.6.0+V

เปลี่ยนเป็นภาษาไทย

Change to English
 แสดงรายละเอียดบรรณานุกรม
  กลับหน้าหลัก

Brief Record : Get Marc (ISO 2709) : E-mail record : QR code < ปิดหน้าต่าง
LEADER : 00000nam 2200000uu 4500
001    13399113548
003     ULIB
008    111125s2552||||th 000 0 tha d
020    ^a9786167190068
090    ^aนว.^bอ312ค 2552
100 0  ^aอยุทธ์
245 00 ^aคีตกานต์อธิษฐานรัก/^cอยุทธ์
250    ^aพิมพ์ครั้งที่ 1
260    ^aกรุงเทพฯ :^bอินเลิฟ,^c2552
300    ^a445 หน้า
710 1  ^aอินเลิฟ
945    ^p0^l0^i17058
995    ^aกัณชพร
999    ^aใช้งานได้ทุกระบบ
รายการนี้ยังไม่มีแท็ก
คุณยังไม่ได้ล็อกอิน คุณสามารถมีกิจกรรมร่วมกับเว็บไซต์ได้ แต่ต้องล็อกอินก่อน ::
  ล็อกอิน

รายการสื่อสารสนเทศ

ลำดับที่ ประเภท เลขเรียก/บาร์โค้ด สถานที่ สถานะ
1. วิทยาศาสตร์การแพทย์ และสุขภาพ
วิทยาศาสตร์การแพทย์ และสุขภาพ
นว. อ312ค 2552  
  Barcode: 17058
ห้องสมุดวิทยาเขตสวรรค์ประชารักษ์
►นวนิยาย
บนชั้น
  ขอยืม

รายการใกล้เคียง
    ผู้แต่ง [อยุทธ์]

BibComment


ยังไม่เคยถูกคอมเมนท์

คอมเมนท์ทรัพยากรรายการนี้
  คอมเมนท์: คีตกานต์อธิษฐานร..


 Copyright 2026. Bcnsprnw @Library